000 01273cam a2200337 a 4500
001 14640433
003 OSt
005 20170516124132.0
008 061120s2008 njua b 001 0 eng
010 _a 2006038798
020 _a0131172883
020 _a9780131172883
035 _a(OCoLC)ocm76792117
035 _a(OCoLC)76792117
040 _aDLC
_cDLC
_dYDX
_dBAKER
_dYDXCP
_dBTCTA
_dDLC
050 0 0 _aP301
_b.D63 2008
082 0 0 _a808/.066
_222
100 1 _aDobrin, Sidney I.,
_d1967-
245 1 0 _aTechnical communication in the twenty-first century /
_cSidney I. Dobrin, Christopher J. Keller, Christian R. Weisser.
260 _aUpper Saddle River, N.J. :
_bPearson Prentice Hall,
_c2008.
300 _axxvi, 737 p. :
_bcol. ill. ;
_c28 cm.
504 _aIncludes bibliographical references and index.
650 0 _aRhetoric.
650 0 _aCommunication.
700 1 _aKeller, Christopher J.
700 1 _aWeisser, Christian R.,
_d1970-
856 4 1 _3Table of contents only
_uhttp://www.loc.gov/catdir/toc/ecip075/2006038798.html
906 _a7
_bcbc
_corignew
_d1
_eecip
_f20
_gy-gencatlg
942 _2lcc
_cBK
999 _c50335
_d50335